[Event "Landesliga Ost MVP 2013-14"]
[Site "?"]
[Date "2014.04.06"]
[Round "8.2"]
[White "Schumann, Lutz"]
[Black "Oergel, Ullrich"]
[Result "1/2-1/2"]
[WhiteElo "1838"]
[BlackElo "1740"]
[PlyCount "124"]
[EventType "team-tourn"]
[EventRounds "9"]
[EventCountry "GER"]
[WhiteTeam "SSC Graal-Müritz"]
[BlackTeam "SC Seehotel Binz-Therme Rügen"]
[WhiteTeamCountry "GER"]
[BlackTeamCountry "GER"]

1. c4 c5 2. Nc3 Nf6 3. g3 g6 4. Bg2 Bg7 5. Nf3 O-O 6. O-O Nc6 7. d3 d6 8. Bg5
h6 9. Be3 Bg4 10. Qd2 Kh7 11. Rab1 Qd7 12. Rfd1 Bxf3 13. Bxf3 Ne5 14. Bg2 e6
15. b4 cxb4 16. Rxb4 Nc6 17. Rb5 Ng4 18. Rdb1 b6 19. Nd1 Rac8 20. a4 Nxe3 21.
fxe3 Na5 22. Kh1 Rc5 23. Nf2 Rfc8 24. Ne4 Rxb5 25. axb5 d5 26. cxd5 exd5 27.
Nf2 Rc5 28. Qa2 h5 29. d4 Rxb5 30. Rxb5 Qxb5 31. Bxd5 f5 32. Nh3 Kh6 33. Nf4
Nc6 34. Bf7 Ne7 35. Qe6 Qb1+ 36. Kg2 Qe4+ 37. Qxe4 fxe4 38. Kf2 Bf6 39. Ke1 Kg7
40. Be8 Bg5 41. Kd2 Kf6 42. Bd7 a6 43. Nh3 Bh6 44. Nf2 Nd5 45. Nxe4+ Ke7 46.
Bc6 Nxe3 47. Kd3 Nf5 48. Nc3 Bg7 49. e3 Kd6 50. Be8 Ne7 51. e4 b5 52. e5+ Bxe5
53. dxe5+ Kxe5 54. Ne4 b4 55. Nc5 a5 56. Nb3 Kf5 57. Bd7+ Kg5 58. Nxa5 h4 59.
Be6 hxg3 60. hxg3 Nf5 61. Bxf5 gxf5 62. Ke3 Kg4 1/2-1/2

[Event "Landesliga Ost MVP 2013-14"]
[Site "?"]
[Date "2014.04.06"]
[Round "8.3"]
[White "Horch, Helmut"]
[Black "Schulz, Wolf Detlef"]
[Result "1-0"]
[WhiteElo "1697"]
[BlackElo "1838"]
[PlyCount "123"]
[EventType "team-tourn"]
[EventRounds "9"]
[EventCountry "GER"]
[WhiteTeam "SC Seehotel Binz-Therme Rügen"]
[BlackTeam "SSC Graal-Müritz"]
[WhiteTeamCountry "GER"]
[BlackTeamCountry "GER"]

1. d4 Nf6 2. Nf3 g6 3. c4 c5 4. d5 b5 5. cxb5 Qa5+ 6. Nc3 Ne4 7. Qa4 Qxa4 8.
Nxa4 Bg7 9. e3 Bb7 10. Nd2 Nxd2 11. Bxd2 Bxd5 12. Bc3 O-O 13. Bxg7 Kxg7 14.
Nxc5 d6 15. Na4 Nd7 16. Nc3 Bb7 17. f3 Rac8 18. Be2 Rc5 19. Kf2 f5 20. Na4 Rc2
21. Rhc1 Rfc8 22. Rxc2 Rxc2 23. Ke1 Nb6 24. Nxb6 axb6 25. Rb1 Bd5 26. Kd1 Rc5
27. b3 Rc7 28. Rc1 Ra7 29. Bc4 Ba8 30. a4 Kf6 31. Kd2 e5 32. Ra1 d5 33. Be2 d4
34. exd4 Rd7 35. Bc4 Rxd4+ 36. Kc3 Rd6 37. Ra2 Ke7 38. Rd2 Rf6 39. Bd5 Rf8 40.
b4 Rc8+ 41. Bc4 e4 42. fxe4 Bxe4 43. a5 Ra8 44. a6 Rc8 45. Kb3 Rd8 46. Rxd8
Kxd8 47. g3 Kc7 48. Kc3 Kb8 49. Kd4 Bg2 50. Ke5 Bf3 51. h4 h6 52. Kf6 Bh5 53.
Bf7 Be2 54. Be8 Bd3 55. Bxg6 Bxb5 56. Bxf5 h5 57. Kg5 Be2 58. Bg6 Ka7 59. Bxh5
Bd3 60. Bg6 Bc4 61. h5 Kxa6 62. g4 1-0

[Event "Landesliga Ost MVP 2013-14"]
[Site "?"]
[Date "2014.04.06"]
[Round "8.4"]
[White "Poppe, Thomas"]
[Black "Ilanz, Kazimierz"]
[Result "1-0"]
[WhiteElo "1696"]
[BlackElo "1602"]
[PlyCount "81"]
[EventType "team-tourn"]
[EventRounds "9"]
[EventCountry "GER"]
[WhiteTeam "SSC Graal-Müritz"]
[BlackTeam "SC Seehotel Binz-Therme Rügen"]
[WhiteTeamCountry "GER"]
[BlackTeamCountry "GER"]

1. d4 d5 2. c4 e6 3. Nc3 Nf6 4. Nf3 Nbd7 5. Bf4 c6 6. c5 Be7 7. e3 O-O 8. Be2
Re8 9. O-O Nf8 10. h3 Ng6 11. Bh2 Nd7 12. b4 a6 13. a4 b6 14. b5 Bb7 15. cxb6
Nxb6 16. a5 Nd7 17. b6 c5 18. dxc5 Nxc5 19. Na4 Nxa4 20. Qxa4 Bd6 21. Bxd6 Qxd6
22. Rfc1 Rec8 23. Qb3 Rab8 24. Nd4 Ne5 25. Qa4 Qd7 26. Qd1 Rxc1 27. Rxc1 Rc8
28. f4 Nc4 29. Bxc4 Rxc4 30. Rxc4 dxc4 31. Qc2 Qd5 32. Qa2 Qc5 33. Kf2 h6 34.
Qa4 Qc8 35. Qc2 Qc5 36. Qc3 Qd5 37. Nf3 Qd3 38. Qxd3 cxd3 39. Ne5 Be4 40. Nxd3
Bb7 41. Nc5 1-0

[Event "Landesliga Ost MVP 2013-14"]
[Site "?"]
[Date "2014.04.06"]
[Round "8.5"]
[White "Koesterke, Klaus"]
[Black "Micheel, Peter"]
[Result "0-1"]
[WhiteElo "1386"]
[BlackElo "1710"]
[PlyCount "56"]
[EventType "team-tourn"]
[EventRounds "9"]
[EventCountry "GER"]
[WhiteTeam "SC Seehotel Binz-Therme Rügen"]
[BlackTeam "SSC Graal-Müritz"]
[WhiteTeamCountry "GER"]
[BlackTeamCountry "GER"]

1. d4 Nf6 2. Nc3 d5 3. h3 Bf5 4. Nf3 Nc6 5. a3 h6 6. e3 e6 7. Bb5 Nd7 8. Bxc6
bxc6 9. Qe2 a5 10. e4 dxe4 11. Nxe4 Qb8 12. Nc3 Be7 13. O-O O-O 14. b3 Re8 15.
Bf4 Bd6 16. Ne5 Nxe5 17. dxe5 Be7 18. Be3 Qb7 19. Na4 Qb5 20. Qd2 Qxe5 21. Bf4
Qd5 22. Qc1 e5 23. Be3 c5 24. Rd1 Qc6 25. Nc3 Red8 26. Re1 Qg6 27. Na4 Bxh3 28.
g3 Qc6 0-1

[Event "Landesliga Ost MVP 2013-14"]
[Site "?"]
[Date "2014.04.06"]
[Round "8.6"]
[White "Rath, Wolfgang"]
[Black "Mueller, Wilfried"]
[Result "1/2-1/2"]
[WhiteElo "1661"]
[BlackElo "1361"]
[PlyCount "64"]
[EventType "team-tourn"]
[EventRounds "9"]
[EventCountry "GER"]
[WhiteTeam "SSC Graal-Müritz"]
[BlackTeam "SC Seehotel Binz-Therme Rügen"]
[WhiteTeamCountry "GER"]
[BlackTeamCountry "GER"]

1. e4 e5 2. Bc4 d6 3. Nc3 Nf6 4. d3 Be7 5. Nge2 O-O 6. O-O Nc6 7. a3 Be6 8.
Bxe6 fxe6 9. f4 exf4 10. Nxf4 Qd7 11. Be3 e5 12. Nfd5 h6 13. Qd2 Ng4 14. h3
Rxf1+ 15. Rxf1 Nxe3 16. Qxe3 a6 17. Ne2 Rf8 18. Rxf8+ Bxf8 19. Qf3 Qf7 20. Qg4
Na7 21. Ng3 c6 22. Nf5 Kh7 23. Nc3 g6 24. Ng3 h5 25. Qg5 Be7 26. Qe3 Nb5 27.
Nxb5 axb5 28. Qf3 Qxf3 29. gxf3 Bg5 30. Ne2 Be3+ 31. Kg2 h4 32. c3 c5 1/2-1/2

[Event "Landesliga Ost MVP 2013-14"]
[Site "?"]
[Date "2014.04.06"]
[Round "8.7"]
[White "Gorlt, Guenter"]
[Black "Kundt, Guenther"]
[Result "1/2-1/2"]
[WhiteElo "1409"]
[BlackElo "1528"]
[PlyCount "53"]
[EventType "team-tourn"]
[EventRounds "9"]
[EventCountry "GER"]
[WhiteTeam "SC Seehotel Binz-Therme Rügen"]
[BlackTeam "SSC Graal-Müritz"]
[WhiteTeamCountry "GER"]
[BlackTeamCountry "GER"]

1. c4 Nf6 2. d4 e6 3. Nc3 d5 4. e3 Be7 5. Nf3 O-O 6. Bd3 Nbd7 7. O-O c6 8. a4
Re8 9. c5 b6 10. b4 bxc5 11. bxc5 a5 12. Qc2 g6 13. Ba3 Qc7 14. Ne2 e5 15. dxe5
Nxe5 16. Nxe5 Qxe5 17. Bb2 Qc7 18. Rab1 Nd7 19. Bd4 Qa7 20. Rfc1 Rb8 21. Qc3
Rxb1 22. Rxb1 Rf8 23. Rc1 Ba6 24. Qxa5 Ra8 25. Qxa6 Qxa6 26. Bxa6 Rxa6 27. Ra1
1/2-1/2

[Event "Landesliga Ost MVP 2013-14"]
[Site "?"]
[Date "2014.04.06"]
[Round "8.8"]
[White "Schroeter, Reinhard"]
[Black "Mundt, Friedhelm"]
[Result "1-0"]
[WhiteElo "1476"]
[BlackElo "1181"]
[PlyCount "61"]
[EventType "team-tourn"]
[EventRounds "9"]
[EventCountry "GER"]
[WhiteTeam "SSC Graal-Müritz"]
[BlackTeam "SC Seehotel Binz-Therme Rügen"]
[WhiteTeamCountry "GER"]
[BlackTeamCountry "GER"]

1. d4 d5 2. Nf3 Nf6 3. c4 g6 4. Nc3 Bg7 5. Bf4 Nc6 6. e3 Bg4 7. h3 Bf5 8. Bd3
Qc8 9. cxd5 Nb4 10. Bxf5 Qxf5 11. Qa4+ c6 12. Qxb4 Nxd5 13. Nxd5 Qxd5 14. O-O
b6 15. Rfc1 O-O 16. Qxe7 Rfe8 17. Qd6 Qb5 18. Rab1 Rec8 19. Be5 Bxe5 20. Qxe5
Qa4 21. a3 c5 22. dxc5 bxc5 23. Rxc5 Qb3 24. Qd5 Qxd5 25. Rxd5 Rc2 26. Rd2 Rac8
27. Rxc2 Rxc2 28. Nd4 Rd2 29. Kf1 f5 30. Ke1 Rd3 31. Ke2 1-0

[Event "Landesliga Ost MVP 2013-14"]
[Site "?"]
[Date "2014.04.06"]
[Round "8.2"]
[White "Lansky, Georg"]
[Black "Dupke, Andreas"]
[Result "1-0"]
[WhiteElo "1849"]
[BlackElo "1802"]
[PlyCount "75"]
[EventType "team-tourn"]
[EventRounds "9"]
[EventCountry "GER"]
[WhiteTeam "SG Eintracht Neubrandenburg"]
[BlackTeam "SV Turbine Neubrandenburg"]
[WhiteTeamCountry "GER"]
[BlackTeamCountry "GER"]

1. e4 c5 2. Nf3 Nc6 3. d4 cxd4 4. Nxd4 Nf6 5. Nc3 d6 6. Be2 e5 7. Nb3 Be6 8.
Bg5 Be7 9. O-O O-O 10. Qd2 h6 11. Bxf6 Bxf6 12. Rad1 Bxb3 13. axb3 Nd4 14. Bc4
Qa5 15. Nd5 Qxd2 16. Rxd2 b5 17. Nxf6+ gxf6 18. Bd5 Rac8 19. c3 Nc6 20. Ra1 b4
21. h3 a5 22. Bxc6 Rxc6 23. Rxa5 bxc3 24. bxc3 Rb8 25. Rad5 Kg7 26. Rxd6 Rxc3
27. Ra2 Rbxb3 28. Raa6 Rc1+ 29. Kh2 f5 30. exf5 Rc2 31. Rxh6 Rxf2 32. Rh5 Rbf3
33. Rg5+ Kh7 34. Rf6 e4 35. Rxf7+ Kh8 36. f6 e3 37. Rf8+ Kh7 38. Rg7+ 1-0

[Event "Landesliga Ost MVP 2013-14"]
[Site "?"]
[Date "2014.04.06"]
[Round "8.3"]
[White "Rosin, Ralf"]
[Black "Rossmann, Andreas"]
[Result "0-1"]
[WhiteElo "1696"]
[BlackElo "1977"]
[PlyCount "40"]
[EventType "team-tourn"]
[EventRounds "9"]
[EventCountry "GER"]
[WhiteTeam "SV Turbine Neubrandenburg"]
[BlackTeam "SG Eintracht Neubrandenburg"]
[WhiteTeamCountry "GER"]
[BlackTeamCountry "GER"]

1. d4 Nf6 2. c4 e6 3. Nf3 Bb4+ 4. Bd2 Qe7 5. a3 Bxd2+ 6. Nbxd2 b6 7. e4 d6 8.
Bd3 e5 9. O-O O-O 10. d5 a5 11. b4 Bd7 12. Qc2 Na6 13. Qc3 a4 14. Rfc1 Nh5 15.
c5 bxc5 16. bxc5 Nxc5 17. Nxe5 Nf4 18. Nxd7 Ncxd3 19. Nxf8 Ne2+ 20. Kf1 Nxc3
0-1

[Event "Landesliga Ost MVP 2013-14"]
[Site "?"]
[Date "2014.04.06"]
[Round "8.4"]
[White "Stoevesand, Eric"]
[Black "Hollender, Dirk"]
[Result "1-0"]
[WhiteElo "1929"]
[BlackElo "1652"]
[PlyCount "77"]
[EventType "team-tourn"]
[EventRounds "9"]
[EventCountry "GER"]
[WhiteTeam "SG Eintracht Neubrandenburg"]
[BlackTeam "SV Turbine Neubrandenburg"]
[WhiteTeamCountry "GER"]
[BlackTeamCountry "GER"]

1. e4 e5 2. Nf3 Nc6 3. Bb5 a6 4. Ba4 b5 5. Bb3 Nf6 6. O-O Be7 7. Re1 O-O 8. c3
d6 9. h3 Na5 10. Bc2 c5 11. d4 Qc7 12. Nbd2 Nc6 13. d5 Na5 14. Nf1 Rb8 15. b3
Nb7 16. Ne3 a5 17. c4 Bd7 18. Nh2 h6 19. Nhg4 Nxg4 20. Nxg4 h5 21. Nh6+ gxh6
22. Qxh5 Bg5 23. Bxg5 hxg5 24. Qxg5+ Kh7 25. Qh5+ Kg7 26. Qg5+ Kh7 27. Re3 Rg8
28. Qh4+ Kg7 29. Qe7 Qd8 30. Rg3+ Kh8 31. Qxf7 Rxg3 32. fxg3 Qe8 33. Qf6+ Kh7
34. Rf1 Kg8 35. Qg5+ Kh8 36. Rf6 Qg8 37. Rh6+ Qh7 38. Rxh7+ Kxh7 39. Qe7+ 1-0

[Event "Landesliga Ost MVP 2013-14"]
[Site "?"]
[Date "2014.04.06"]
[Round "8.5"]
[White "Peters, Hans Joachim"]
[Black "Baier, Karsten"]
[Result "1-0"]
[WhiteElo "1701"]
[BlackElo "1894"]
[PlyCount "101"]
[EventType "team-tourn"]
[EventRounds "9"]
[EventCountry "GER"]
[WhiteTeam "SV Turbine Neubrandenburg"]
[BlackTeam "SG Eintracht Neubrandenburg"]
[WhiteTeamCountry "GER"]
[BlackTeamCountry "GER"]

1. e4 d5 2. exd5 Nf6 3. Bb5+ Bd7 4. Bc4 b5 5. Bb3 a5 6. a3 c6 7. Nf3 cxd5 8. d4
e6 9. O-O Nc6 10. Bf4 Be7 11. Nc3 Qb6 12. Ne2 a4 13. Ba2 O-O 14. c3 Ne4 15. Bb1
f5 16. Ne5 Nxe5 17. Bxe5 Bf6 18. Bxf6 Rxf6 19. Nf4 Raf8 20. Nd3 Be8 21. Qe2 Qc7
22. Ne5 Nxc3 23. bxc3 Qxc3 24. Bd3 Qxd4 25. Rab1 f4 26. Bxb5 Bxb5 27. Rxb5 Rf5
28. Nf3 Qf6 29. Rb6 Re8 30. Re1 Kf7 31. Ne5+ Kg8 32. Rb7 h5 33. Ra7 Rc8 34. h3
Qg5 35. Nf3 Qf6 36. Qxe6+ Qxe6 37. Rxe6 Rc1+ 38. Re1 Rxe1+ 39. Nxe1 Re5 40. Kf1
Re4 41. Ra5 Rd4 42. Ke2 Kf7 43. Nf3 Re4+ 44. Kd3 Re8 45. Rxd5 Rb8 46. Nd2 Ra8
47. Rf5+ Ke6 48. Rxf4 g5 49. Rb4 Ra5 50. Ne4 Rd5+ 51. Ke3 1-0

[Event "Landesliga Ost MVP 2013-14"]
[Site "?"]
[Date "2014.04.06"]
[Round "8.6"]
[White "Kunow, Frank"]
[Black "Schubert, Jens"]
[Result "1-0"]
[WhiteElo "1793"]
[BlackElo "1582"]
[PlyCount "135"]
[EventType "team-tourn"]
[EventRounds "9"]
[EventCountry "GER"]
[WhiteTeam "SG Eintracht Neubrandenburg"]
[BlackTeam "SV Turbine Neubrandenburg"]
[WhiteTeamCountry "GER"]
[BlackTeamCountry "GER"]

1. Nf3 d5 2. c4 e6 3. b3 Nf6 4. Bb2 c5 5. g3 Nc6 6. Bg2 Be7 7. O-O O-O 8. e3
Rb8 9. Nc3 b6 10. cxd5 exd5 11. d4 cxd4 12. Nxd4 Nxd4 13. Qxd4 Be6 14. Rfd1 Bc5
15. Qh4 Rb7 16. Na4 Be7 17. Qd4 Qc8 18. Rac1 Rc7 19. Qe5 Rc2 20. Rxc2 Qxc2 21.
Rc1 Qe2 22. Qc7 Bd8 23. Qc2 Qb5 24. Ba3 Re8 25. Bf1 Qd7 26. Ba6 Be7 27. Bb2 h6
28. Qc7 Rd8 29. Qxd7 Rxd7 30. Bb5 Rb7 31. Be5 Bd8 32. Bc6 Re7 33. Bd6 Ne4 34.
Bxe7 Bxe7 35. Bb5 Bd6 36. Rc2 Kf8 37. Ba6 Bf5 38. Bc8 Nxg3 39. Bxf5 Nxf5 40.
Rc8+ Ke7 41. Ra8 b5 42. Rxa7+ Ke6 43. Nc3 b4 44. Nb5 Bc5 45. Rc7 Be7 46. Rb7 f6
47. Kf1 g5 48. Ke2 h5 49. Na7 Bc5 50. Nc6 Nd6 51. Rb8 Ne4 52. Nxb4 Nc3+ 53. Kf1
Bxb4 54. Rxb4 Nxa2 55. Rb8 h4 56. b4 Nc3 57. b5 Ne4 58. Rd8 Nd6 59. b6 Ke7 60.
Rh8 Kd7 61. Rh7+ Kc6 62. b7 Nxb7 63. Rf7 Nc5 64. Rxf6+ Kd7 65. Rf5 Ne6 66.
Rxd5+ Ke7 67. Ra5 Kf6 68. Kg2 1-0

[Event "Landesliga Ost MVP 2013-14"]
[Site "?"]
[Date "2014.04.06"]
[Round "8.7"]
[White "Hartung, Lothar"]
[Black "Meyer, Detlef"]
[Result "1/2-1/2"]
[WhiteElo "1798"]
[BlackElo "1827"]
[PlyCount "25"]
[EventType "team-tourn"]
[EventRounds "9"]
[EventCountry "GER"]
[WhiteTeam "SV Turbine Neubrandenburg"]
[BlackTeam "SG Eintracht Neubrandenburg"]
[WhiteTeamCountry "GER"]
[BlackTeamCountry "GER"]

1. d4 d5 2. f4 Nf6 3. e3 c5 4. Nf3 Nc6 5. c3 c4 6. Qc2 Bg4 7. Be2 e6 8. b3 b5
9. O-O Bd6 10. Bb2 O-O 11. Ne5 Bxe5 12. fxe5 Bxe2 13. Qxe2 1/2-1/2

[Event "Landesliga Ost MVP 2013-14"]
[Site "?"]
[Date "2014.04.06"]
[Round "8.8"]
[White "Stoevesand, Peter"]
[Black "Leisner, Ekkehardt"]
[Result "1/2-1/2"]
[WhiteElo "1831"]
[BlackElo "1583"]
[PlyCount "65"]
[EventType "team-tourn"]
[EventRounds "9"]
[EventCountry "GER"]
[WhiteTeam "SG Eintracht Neubrandenburg"]
[BlackTeam "SV Turbine Neubrandenburg"]
[WhiteTeamCountry "GER"]
[BlackTeamCountry "GER"]

1. e4 c5 2. Nf3 e6 3. d4 cxd4 4. Nxd4 a6 5. Nc3 Qc7 6. a3 Nf6 7. Be2 Be7 8. O-O
O-O 9. Be3 d6 10. Qd2 Nbd7 11. Kh1 b5 12. Rad1 Bb7 13. f3 Rac8 14. g4 Nb6 15.
Bf2 Nc4 16. Bxc4 Qxc4 17. Bg3 Rfd8 18. Qd3 d5 19. e5 Nd7 20. Qe3 Qc7 21. Nce2
Nb6 22. f4 Nc4 23. Qc3 Qb6 24. Qb3 Bc5 25. Bf2 a5 26. Kg1 Ba6 27. c3 Rb8 28.
Qc2 Rdc8 29. Rd3 b4 30. Rh3 g6 31. cxb4 axb4 32. a4 Na5 33. Qd2 1/2-1/2

[Event "Landesliga Ost MVP 2013-14"]
[Site "?"]
[Date "2014.04.06"]
[Round "8.1"]
[White "Dao Xuan, Duong"]
[Black "Stork, Michael"]
[Result "0-1"]
[WhiteElo "1731"]
[BlackElo "2009"]
[PlyCount "135"]
[EventType "team-tourn"]
[EventRounds "9"]
[EventCountry "GER"]
[WhiteTeam "SG Eintracht Neubrandenburg II"]
[BlackTeam "ESV Waren"]
[WhiteTeamCountry "GER"]
[BlackTeamCountry "GER"]

1. e4 c5 2. Nf3 d6 3. d4 cxd4 4. Nxd4 Nf6 5. Nc3 a6 6. Be3 e5 7. Nb3 Be6 8. f3
h5 9. Qd2 Nbd7 10. Rc1 Rc8 11. Nd5 Bxd5 12. exd5 Be7 13. c4 O-O 14. Na5 Qc7 15.
Be2 Rfe8 16. O-O Bd8 17. b4 Qb8 18. Nb3 e4 19. Kh1 Ne5 20. fxe4 Nxe4 21. Qc2
Nf6 22. Qf5 Nxc4 23. Ba7 Qxa7 24. Qxc8 Nb6 25. Qc2 Nbxd5 26. Bc4 Ne3 27. Qf2
Bb6 28. Rfe1 Nxc4 29. Rxe8+ Nxe8 30. Qe2 Ne5 31. Rc8 Kf8 32. Qxh5 Ng6 33. Rc2
Bd4 34. Qd5 Be5 35. Na5 Qe3 36. Qd2 Qxd2 37. Rxd2 Bc3 38. Rd1 Bxb4 39. Nxb7 Ke7
40. Rb1 a5 41. a3 Bxa3 42. Nxa5 Ne5 43. Nb3 Bc5 44. Nd2 Nf6 45. g3 Ke6 46. Kg2
d5 47. Nf3 Nxf3 48. Kxf3 Ne4 49. Rb8 g6 50. Ra8 f5 51. Ra6+ Bd6 52. Ke3 Ke5 53.
Ra8 d4+ 54. Kd3 Kd5 55. Rd8 Nc5+ 56. Ke2 Ne6 57. Ra8 Ke4 58. Ra6 Ke5 59. Ra8 g5
60. Kd3 f4 61. gxf4+ gxf4 62. Ke2 Ke4 63. Ra6 d3+ 64. Kd1 Kd5 65. Ra5+ Nc5 66.
h4 f3 67. Ra1 f2 68. Kd2 0-1

[Event "Landesliga Ost MVP 2013-14"]
[Site "?"]
[Date "2014.04.06"]
[Round "8.2"]
[White "Wittig, Harry"]
[Black "Rehbein, Hans Juergen"]
[Result "1-0"]
[WhiteElo "1867"]
[BlackElo "1652"]
[PlyCount "81"]
[EventType "team-tourn"]
[EventRounds "9"]
[EventCountry "GER"]
[WhiteTeam "ESV Waren"]
[BlackTeam "SG Eintracht Neubrandenburg II"]
[WhiteTeamCountry "GER"]
[BlackTeamCountry "GER"]

1. d4 Nf6 2. Nf3 g6 3. c4 Bg7 4. g3 O-O 5. Bg2 d6 6. O-O Nbd7 7. Nc3 c6 8. e4
Re8 9. Re1 e5 10. h3 exd4 11. Nxd4 Nc5 12. Qc2 Nfxe4 13. Nxe4 Bxd4 14. Bg5 f6
15. Nxf6+ Bxf6 16. Rxe8+ Qxe8 17. Bxf6 Bf5 18. Qc3 Qf7 19. Bd4 Ne4 20. Qe3 Nf6
21. Qf4 Ne8 22. b3 Bd7 23. Qd2 Nc7 24. Rd1 Ne8 25. Bb2 Be6 26. Qc3 Kf8 27. Rd3
Ke7 28. Rf3 Qg8 29. Re3 Kd7 30. g4 Nc7 31. Rd3 d5 32. Bc1 Rf8 33. Qe5 Qf7 34.
Rf3 Qe7 35. Bf4 Na6 36. Rd3 Qc5 37. cxd5 cxd5 38. Bxd5 Rxf4 39. Bxe6+ Ke7 40.
Rd7+ Ke8 41. Qxf4 1-0

[Event "Landesliga Ost MVP 2013-14"]
[Site "?"]
[Date "2014.04.06"]
[Round "8.3"]
[White "Witkowski, Rainer"]
[Black "Schreiner, Wolfgang"]
[Result "0-1"]
[WhiteElo "1833"]
[BlackElo "1789"]
[PlyCount "82"]
[EventType "team-tourn"]
[EventRounds "9"]
[EventCountry "GER"]
[WhiteTeam "SG Eintracht Neubrandenburg II"]
[BlackTeam "ESV Waren"]
[WhiteTeamCountry "GER"]
[BlackTeamCountry "GER"]

1. e4 c5 2. Nf3 e6 3. c3 d5 4. exd5 exd5 5. d4 Nf6 6. Bb5+ Bd7 7. Bxd7+ Nbxd7
8. O-O Be7 9. Bg5 O-O 10. Re1 Re8 11. Nbd2 Qc7 12. Nf1 Ne4 13. Bxe7 Rxe7 14.
Ne3 Ndf6 15. dxc5 Qxc5 16. Qd4 Qxd4 17. Nxd4 g6 18. Rad1 Rae8 19. Ne2 Nxf2 20.
Kxf2 Rxe3 21. Nf4 Ng4+ 22. Kf1 Nxh2+ 23. Kf2 Ng4+ 24. Kf1 Rxe1+ 25. Rxe1 Rxe1+
26. Kxe1 Nf6 27. Ke2 Kf8 28. Kf3 h5 29. Nh3 Ke7 30. Kf4 Ng4 31. Kg5 Ne3 32. Nf4
Kd6 33. Kf6 h4 34. Kxf7 g5 35. Nh3 g4 36. Nf4 Nxg2 37. Nxg2 h3 38. Ne3 h2 39.
Nf5+ Ke5 40. Ng3 Kf4 41. Ne2+ Kf3 0-1

[Event "Landesliga Ost MVP 2013-14"]
[Site "?"]
[Date "2014.04.06"]
[Round "8.4"]
[White "Dohnow, Thomas"]
[Black "Buenz, Heinrich"]
[Result "1/2-1/2"]
[WhiteElo "1726"]
[BlackElo "1714"]
[PlyCount "46"]
[EventType "team-tourn"]
[EventRounds "9"]
[EventCountry "GER"]
[WhiteTeam "ESV Waren"]
[BlackTeam "SG Eintracht Neubrandenburg II"]
[WhiteTeamCountry "GER"]
[BlackTeamCountry "GER"]

1. c4 e5 2. Nc3 Nf6 3. Nf3 Nc6 4. a3 d5 5. cxd5 Nxd5 6. e3 Nf6 7. Bb5 Qd6 8. h3
a6 9. Bxc6+ Qxc6 10. O-O Bd6 11. d4 e4 12. Ne5 Bxe5 13. dxe5 Nd7 14. Qg4 O-O
15. Qxe4 Qxe4 16. Nxe4 Nxe5 17. Bd2 Be6 18. Bc3 Nc6 19. Nc5 Bc4 20. Rfd1 b6 21.
Ne4 Rad8 22. Ng3 Bb3 23. Rac1 Ba4 1/2-1/2

[Event "Landesliga Ost MVP 2013-14"]
[Site "?"]
[Date "2014.04.06"]
[Round "8.5"]
[White "Winkler, Karl"]
[Black "Lotz, Robert"]
[Result "1-0"]
[WhiteElo "1774"]
[BlackElo "1736"]
[PlyCount "133"]
[EventType "team-tourn"]
[EventRounds "9"]
[EventCountry "GER"]
[WhiteTeam "SG Eintracht Neubrandenburg II"]
[BlackTeam "ESV Waren"]
[WhiteTeamCountry "GER"]
[BlackTeamCountry "GER"]

1. e4 c5 2. d4 cxd4 3. Qxd4 Nc6 4. Qe3 g6 5. Nf3 Bg7 6. Bc4 d6 7. O-O Nf6 8.
Nc3 O-O 9. Bd2 Ng4 10. Qe2 Nge5 11. Nxe5 Nxe5 12. Bb3 a6 13. f4 Nc6 14. Nd1 h5
15. c3 Bg4 16. Qf2 Bxd1 17. Bxd1 d5 18. exd5 Qxd5 19. Bf3 Qd7 20. Rad1 Qc7 21.
Be3 Rad8 22. Bb6 Qc8 23. Bxd8 Nxd8 24. Rd3 Ne6 25. Rfd1 Nc5 26. Rd5 b6 27. Qd2
Qc7 28. Rd8 e6 29. Qd6 Qxd8 30. Qxd8 Rxd8 31. Rxd8+ Kh7 32. Rd6 Na4 33. b3 Nxc3
34. Kf1 a5 35. Rxb6 Nxa2 36. Rc6 Bc3 37. Ke2 Bb4 38. Kd3 Be1 39. Rc7 Kg7 40.
Bc6 Kf8 41. Bb5 Nb4+ 42. Ke2 Bh4 43. Rc8+ Kg7 44. Ra8 Nd5 45. Bc4 Nxf4+ 46. Kf3
Nxg2 47. Kxg2 Be1 48. Kf3 Kf6 49. Ra7 g5 50. h3 Bb4 51. Bb5 g4+ 52. hxg4 hxg4+
53. Kxg4 Kg6 54. Be8 e5 55. Rxf7 Kh6 56. Rb7 Bc3 57. Kf5 e4 58. Kxe4 Kg5 59.
Kd3 Be1 60. Kc4 Kf5 61. Kb5 Bb4 62. Ra7 Ke5 63. Rxa5 Bxa5 64. Kxa5 Kf6 65. Kb6
Ke7 66. Bh5 Kf8 67. Bg4 1-0

[Event "Landesliga Ost MVP 2013-14"]
[Site "?"]
[Date "2014.04.06"]
[Round "8.6"]
[White "Mayerhoff, Lothar"]
[Black "Stock, Joachim"]
[Result "1/2-1/2"]
[WhiteElo "1570"]
[BlackElo "1580"]
[PlyCount "105"]
[EventType "team-tourn"]
[EventRounds "9"]
[EventCountry "GER"]
[WhiteTeam "ESV Waren"]
[BlackTeam "SG Eintracht Neubrandenburg II"]
[WhiteTeamCountry "GER"]
[BlackTeamCountry "GER"]

1. d4 Nf6 2. c4 d5 3. Nc3 c6 4. cxd5 Nxd5 5. e4 Nb6 6. Be3 Be6 7. b3 f6 8. f4
Bf7 9. Be2 e6 10. Qc2 N8d7 11. Rd1 Bb4 12. Nf3 O-O 13. O-O Qc8 14. Nd2 f5 15.
Ndb1 Bg6 16. e5 Nd5 17. Nxd5 cxd5 18. Qd3 a6 19. Rc1 Qd8 20. a3 Ba5 21. Rc2 Rc8
22. Rfc1 Rxc2 23. Rxc2 Qb8 24. Nd2 Rc8 25. Nf3 Rc7 26. Ng5 Bf7 27. g4 g6 28.
gxf5 gxf5 29. b4 Rxc2 30. Qxc2 Bd8 31. h4 Qc7 32. Qd2 Nf8 33. h5 Qd7 34. Qc2
Qc7 35. Qc5 Nd7 36. Qxc7 Bxc7 37. Nxf7 Kxf7 38. Kf1 Kg7 39. a4 Nb6 40. a5 Nd7
41. Bd2 Bd8 42. b5 axb5 43. Bxb5 Nb8 44. Be1 Be7 45. Ke2 Ba3 46. Kd3 Kf7 47.
Kc2 Kf8 48. Bh4 Kf7 49. Bd8 Bb4 50. Bc7 Na6 51. Bb6 Be1 52. Bd7 Nb8 53. Bb5
1/2-1/2

[Event "Landesliga Ost MVP 2013-14"]
[Site "?"]
[Date "2014.04.06"]
[Round "8.7"]
[White "Sommer, Hans Hermann"]
[Black "Wuttke, Reiner"]
[Result "0-1"]
[WhiteElo "1663"]
[BlackElo "1511"]
[PlyCount "92"]
[EventType "team-tourn"]
[EventRounds "9"]
[EventCountry "GER"]
[WhiteTeam "SG Eintracht Neubrandenburg II"]
[BlackTeam "ESV Waren"]
[WhiteTeamCountry "GER"]
[BlackTeamCountry "GER"]

1. e4 e5 2. Nf3 Nc6 3. Nc3 d6 4. d4 exd4 5. Nxd4 Nf6 6. Bb5 Bd7 7. Bxc6 bxc6 8.
Qf3 Be7 9. e5 dxe5 10. Nxc6 Bxc6 11. Qxc6+ Nd7 12. Nd5 Bd6 13. c4 O-O 14. O-O
Nb6 15. Be3 Nxd5 16. Qxd5 Re8 17. Rad1 a6 18. Qe4 Qc8 19. c5 Bf8 20. Rd5 f5 21.
Qc4 Qe6 22. Rc1 Kh8 23. Kf1 Rab8 24. b3 f4 25. Bd2 c6 26. Rd3 Qxc4 27. Rxc4 e4
28. Rdc3 g5 29. Rc2 Bg7 30. Ke2 Rbd8 31. Bc3 e3 32. Bxg7+ Kxg7 33. f3 Rd7 34.
Ra4 Red8 35. Rxa6 Rd2+ 36. Rxd2 Rxd2+ 37. Kf1 Rf2+ 38. Ke1 Rxg2 39. Rxc6 g4 40.
Rc7+ Kf6 41. fxg4 f3 42. g5+ Kg6 43. Kf1 Rxh2 44. Kg1 Rg2+ 45. Kf1 e2+ 46. Ke1
Rg1+ 0-1